[Event "I Abierto Int de Ajedrez Hotel CEMAR"]
[Site "Mondariz  Balneario "]
[Date "2014.08.20"]
[Round "5.2"]
[White "Garcia Castro, Pablo"]
[Black "Rodriguez Boado, Martin"]
[Result "1-0"]
[WhiteElo "2382"]
[BlackElo "2163"]
[PlyCount "47"]
[EventDate "2014.08.16"]

1. g3 d5 2. Nf3 Nc6 3. d4 Nf6 4. Bg2 e6 5. O-O Na5 6. a3 Bd6 7. Nbd2 Rb8 8. e4
Nxe4 9. Nxe4 dxe4 10. Ng5 f5 11. Nxe4 Be7 12. Nc5 Bxc5 13. dxc5 Qxd1 14. Rxd1
Bd7 15. Bf4 Rc8 16. b4 Nc6 17. b5 Nd8 18. a4 c6 19. b6 axb6 20. cxb6 Nf7 21.
Bc7 Ra8 22. a5 Bc8 23. a6 Ke7 24. Bxc6 1-0

[Event "I Abierto Int de Ajedrez Hotel CEMAR"]
[Site "Mondariz  Balneario "]
[Date "2014.08.20"]
[Round "5.3"]
[White "Gomez Dieguez, Adrian"]
[Black "Ruiz Ledo, Antonio"]
[Result "0-1"]
[WhiteElo "1970"]
[BlackElo "2065"]
[PlyCount "108"]
[EventDate "2014.08.16"]

1. e4 c5 2. Nc3 Nc6 3. Bb5 g6 4. Bxc6 bxc6 5. f4 Bg7 6. d3 Rb8 7. Nf3 d6 8. O-O
Nf6 9. Rb1 Bg4 10. Qe1 Nd7 11. Nh4 Bxc3 12. Qxc3 e5 13. Qe1 f6 14. fxe5 Nxe5
15. Bh6 Rb7 16. Qf2 Rf7 17. h3 Be6 18. b4 cxb4 19. Rxb4 c5 20. Rb2 Rg8 21. Bf4
g5 22. Bxe5 dxe5 23. Nf5 Bxf5 24. exf5 Rc7 25. Rfb1 Qd5 26. Qe2 Kf7 27. a3 Re8
28. Rb8 Rxb8 29. Rxb8 Kg7 30. Qh5 Re7 31. Qg4 e4 32. dxe4 Rxe4 33. Qg3 Qxf5 34.
Rb7+ Kg6 35. Rxa7 Rf4 36. Qe3 Rf1+ 37. Kh2 Qf4+ 38. Qxf4 Rxf4 39. Rc7 Rc4 40.
a4 Rxc2 41. a5 h5 42. a6 Ra2 43. Rxc5 Rxa6 44. Rb5 h4 45. Rb2 Ra1 46. Re2 Rf1
47. Re6 Kf5 48. Re8 Kf4 49. Re6 f5 50. Re2 g4 51. hxg4 fxg4 52. g3+ Kf3 53. Rg2
Rf2 54. Kh1 Rxg2 0-1

[Event "I Abierto Int de Ajedrez Hotel CEMAR"]
[Site "Mondariz  Balneario "]
[Date "2014.08.20"]
[Round "5.4"]
[White "De Prado Rodriguez, Oscar Brun"]
[Black "Rodriguez Dominguez, Miguel I"]
[Result "1-0"]
[WhiteElo "2255"]
[BlackElo "1951"]
[PlyCount "91"]
[EventDate "2014.08.16"]

1. d4 f5 2. h3 d5 3. Nf3 Nf6 4. Bf4 e6 5. e3 c6 6. c4 Bd6 7. Bd3 Bxf4 8. exf4
Qc7 9. Qc1 O-O 10. O-O Ne4 11. Nc3 Qd6 12. c5 Qc7 13. Ne5 Nd7 14. Ne2 Nef6 15.
b4 Rd8 16. a4 Nf8 17. b5 Bd7 18. Qb2 Be8 19. Rfb1 Rdb8 20. a5 Qd8 21. Qa3 Ng6
22. a6 Nxe5 23. fxe5 Ne4 24. axb7 Rxb7 25. b6 Qe7 26. f3 Nd2 27. Rd1 Nc4 28.
Bxc4 dxc4 29. Qc3 Rab8 30. bxa7 Rxa7 31. Rxa7 Qxa7 32. Qxc4 Bf7 33. Qc3 Qa2 34.
Rd2 Rb1+ 35. Kf2 Qa6 36. Rb2 Rxb2 37. Qxb2 Qa8 38. Qb6 Be8 39. Qc7 h6 40. Qe7
Qc8 41. Nf4 Bf7 42. h4 Qa8 43. Kg3 Qa1 44. Nxe6 Qe1+ 45. Kh2 f4 46. Qf8+ 1-0

[Event "I Abierto Int de Ajedrez Hotel CEMAR"]
[Site "Mondariz  Balneario "]
[Date "2014.08.20"]
[Round "5.5"]
[White "Lopez De Turiso, Jose Angel"]
[Black "Garcia Bugallo, Jose Luis"]
[Result "0-1"]
[WhiteElo "2147"]
[BlackElo "1818"]
[PlyCount "92"]
[EventDate "2014.08.16"]

1. e4 c5 2. Nf3 d6 3. c3 Nf6 4. Be2 Nc6 5. Qc2 e5 6. O-O Be7 7. d3 O-O 8. h3 d5
9. Bg5 Be6 10. Nbd2 Nd7 11. exd5 Bxd5 12. Bxe7 Qxe7 13. Rfe1 Rac8 14. Rad1 f5
15. Qb1 a5 16. Bf1 Qf6 17. a4 g5 18. Nh2 h5 19. Nc4 g4 20. hxg4 hxg4 21. Ne3
Be6 22. Rd2 Rf7 23. g3 Rh7 24. Bg2 Qh6 25. Nhf1 f4 26. Be4 Rh8 27. f3 Qh1+ 28.
Kf2 fxe3+ 29. Rxe3 Nf6 30. d4 cxd4 31. cxd4 exd4 32. Bh7+ Qxh7 33. Qxh7+ Rxh7
34. Rxe6 Nd5 35. Rg6+ Rg7 36. Rd6 Ndb4 37. f4 Re8 38. Rh6 Nd5 39. Rd3 Kf7 40.
Rd6 Nf6 41. Nd2 Rh7 42. Kf1 Rh2 43. Nc4 Reh8 44. Rb3 Rh1+ 45. Ke2 R8h2+ 46. Kd3
Rd1+ 0-1

[Event "I Abierto Int de Ajedrez Hotel"]
[Site "Mondariz  Balneario "]
[Date "2014.08.20"]
[Round "5.6"]
[White "Silva, Armando Sousa"]
[Black "Silva, Antonio Araujo Da"]
[Result "1/2-1/2"]
[WhiteElo "1941"]
[BlackElo "1965"]
[PlyCount "62"]
[EventDate "2014.08.16"]

1. d4 Nf6 2. c4 c5 3. d5 e6 4. Nc3 exd5 5. cxd5 d6 6. e4 g6 7. Bd3 Bg7 8. h3
O-O 9. Nf3 Re8 10. O-O a6 11. a4 Nbd7 12. Nd2 Nh5 13. f4 Bd4+ 14. Kh2 Ndf6 15.
Nf3 Bxc3 16. bxc3 Nxe4 17. Bxe4 Rxe4 18. Ng5 Re8 19. c4 Qf6 20. Ra2 Qc3 21. Re2
Bd7 22. Ne4 Qd4 23. Nxd6 Rxe2 24. Qxe2 Bxa4 25. Bb2 Nxf4 26. Qe7 Qxb2 27. Qxf7+
Kh8 28. Qxf4 Qg7 29. Nf7+ Kg8 30. Nh6+ Kh8 31. Nf7+ Kg8 1/2-1/2

[Event "I Abierto Int de Ajedrez Hotel CEMAR"]
[Site "Mondariz  Balneario "]
[Date "2014.08.20"]
[Round "5.7"]
[White "Sanz Bastos, Fernando"]
[Black "Gonzalez Eiris, Daniel"]
[Result "1-0"]
[WhiteElo "1951"]
[BlackElo "1666"]
[PlyCount "53"]
[EventDate "2014.08.16"]

1. e4 e6 2. d4 d5 3. e5 c5 4. c3 Nc6 5. Nf3 Bd7 6. Bd3 Rc8 7. dxc5 Bxc5 8. O-O
Qc7 9. Bf4 Nge7 10. Bg3 Ng6 11. Re1 a5 12. a4 Qb6 13. Qe2 d4 14. Bb5 dxc3 15.
bxc3 O-O 16. Nbd2 Rfd8 17. Nc4 Qc7 18. Nd6 Rb8 19. Ne4 Bf8 20. Rad1 Nce7 21.
Nf6+ gxf6 22. exf6 Nf4 23. Bxf4 Bxb5 24. Bxc7 Bxe2 25. Rxd8 Rxd8 26. fxe7 Bxe7
27. Bxd8 1-0

[Event "I Abierto Int de Ajedrez Hotel CEMAR"]
[Site "Mondariz  Balneario "]
[Date "2014.08.20"]
[Round "5.8"]
[White "Ferreiro Diaz, Miguel"]
[Black "Garcia Sobrino, David"]
[Result "0-1"]
[WhiteElo "1723"]
[BlackElo "1852"]
[PlyCount "52"]
[EventDate "2014.08.16"]

1. e4 c5 2. Nc3 e6 3. f4 a6 4. a4 d5 5. exd5 exd5 6. b3 Nf6 7. d4 Qa5 8. Nge2
cxd4 9. Qxd4 Nc6 10. Qe3+ Ne4 11. Bd2 Bc5 12. Nxe4 Bxe3 13. Bxa5 dxe4 14. Bd2
Bxd2+ 15. Kxd2 Be6 16. g3 Ke7 17. Bg2 f5 18. Rhd1 Nb4 19. c4 Rad8+ 20. Kc3 Nd3
21. Bf1 Rd6 22. Nd4 Nf2 23. Rd2 e3 24. Rxf2 exf2 25. Ra2 Rhd8 26. Nf3 Rd3+ 0-1

[Event "I Abierto Int de Ajedrez Hotel CEMAR"]
[Site "Mondariz  Balneario "]
[Date "2014.08.20"]
[Round "5.9"]
[White "Dominguez Certal, Dario"]
[Black "Picazo Gonzalez, Ana"]
[Result "0-1"]
[WhiteElo "1501"]
[BlackElo "1795"]
[PlyCount "46"]
[EventDate "2014.08.16"]

1. d4 e6 2. c4 d5 3. Nc3 c5 4. e3 Nf6 5. Nf3 a6 6. Bd3 dxc4 7. Bxc4 b5 8. Be2
Bb7 9. O-O Nbd7 10. a3 cxd4 11. Nxd4 Be7 12. Bf3 Qc7 13. Bd2 Ne5 14. Bxb7 Qxb7
15. b3 O-O 16. f4 Ned7 17. Qe2 Rac8 18. Rfc1 Rfd8 19. Be1 Bf8 20. Bh4 e5 21.
Nf5 exf4 22. Bg5 Nc5 23. Nd4 Nce4 0-1

[Event "I Abierto Int de Ajedrez Hotel CEMAR"]
[Site "Mondariz  Balneario "]
[Date "2014.08.20"]
[Round "5.10"]
[White "Bello Filgueira, Joaquin Anton"]
[Black "Represa Perez, Mireya"]
[Result "0-1"]
[WhiteElo "1776"]
[BlackElo "1771"]
[PlyCount "108"]
[EventDate "2014.08.16"]

1. e4 c5 2. Nf3 Nc6 3. Bb5 g6 4. Bxc6 dxc6 5. O-O Bg7 6. Re1 Nf6 7. d3 Nd7 8.
h3 e5 9. b4 O-O 10. bxc5 Re8 11. Be3 Qe7 12. Qd2 Nxc5 13. Bh6 f6 14. Bxg7 Kxg7
15. Nc3 Ne6 16. Ne2 Rd8 17. Qc3 c5 18. Ng3 Nd4 19. Re3 Be6 20. a3 Rac8 21. Qb2
Rd6 22. Rae1 c4 23. Nxd4 Rxd4 24. Ne2 Rd6 25. d4 Rb6 26. Qc3 exd4 27. Nxd4 Rc5
28. Rg3 Kf7 29. Nf3 Bd7 30. e5 Re6 31. exf6 Qxf6 32. Qxf6+ Kxf6 33. Rxe6+ Bxe6
34. Ng5 Rxg5 35. Rxg5 Kxg5 36. c3 Kf4 37. Kf1 Ke4 38. Ke2 h5 39. h4 Kd5 40. Ke3
Bf5 41. Kf4 Kc5 42. f3 Bd3 43. g4 hxg4 44. Kxg4 Kb5 45. Kg5 Ka4 46. f4 Kb3 47.
f5 gxf5 48. h5 Kxc3 49. Kf4 Kb3 50. h6 c3 51. Ke3 c2 52. Kd2 Kb2 53. h7 c1=Q+
54. Kxd3 Qh6 0-1

[Event "I Abierto Int de Ajedrez Hotel CEMAR"]
[Site "Mondariz  Balneario "]
[Date "2014.08.20"]
[Round "5.11"]
[White "Boo Vallejo, Marcos"]
[Black "Silva, Mariana Sofia T"]
[Result "1/2-1/2"]
[WhiteElo "1611"]
[BlackElo "1639"]
[PlyCount "83"]
[EventDate "2014.08.16"]

1. e4 e6 2. d4 d5 3. Nc3 Bb4 4. e5 b6 5. Bd2 Qd7 6. Qg4 Bf8 7. Nf3 Ba6 8. h4
Bxf1 9. Kxf1 h5 10. Qh3 Ne7 11. g4 Na6 12. Kg1 hxg4 13. Qxg4 Nf5 14. Qh3 c5 15.
Be3 Nb4 16. Rc1 Be7 17. a3 Nc6 18. Qg4 cxd4 19. Bxd4 Ncxd4 20. Nxd4 Rxh4 21.
Rxh4 Nxh4 22. f4 Bc5 23. Qxh4 Bxd4+ 24. Kg2 Qe7 25. Qh8+ Qf8 26. Rh1 Kd7 27.
Qxf8 Rxf8 28. Nb5 Bxb2 29. Rb1 a6 30. Rxb2 axb5 31. Rxb5 Kc6 32. Rb3 g6 33. Kg3
Ra8 34. Kg4 Ra4 35. Rh3 Kd7 36. Rb3 Ke7 37. Kg5 Ra6 38. Rc3 Ra7 39. Rc6 Rb7 40.
Rc8 b5 41. Rc5 d4 42. Rc6 1/2-1/2

[Event "I Abierto Int de Ajedrez Hotel CEMAR"]
[Site "Mondariz  Balneario "]
[Date "2014.08.20"]
[Round "5.12"]
[White "Salgado Gonzalez, Julio"]
[Black "Gomez Asenjo, Hector Luis"]
[Result "1-0"]
[WhiteElo "1838"]
[BlackElo "1509"]
[PlyCount "79"]
[EventDate "2014.08.16"]

1. d4 c5 2. dxc5 e6 3. e4 Bxc5 4. Bd3 Nc6 5. Nf3 h6 6. Nc3 a6 7. O-O Nge7 8.
Bf4 Bb4 9. Ne2 d5 10. e5 O-O 11. c3 Ba5 12. Qd2 f6 13. Bxh6 gxh6 14. Qxh6 Nf5
15. Bxf5 exf5 16. Qg6+ Kh8 17. Nh4 Nxe5 18. Qh6+ Kg8 19. f4 Ng4 20. Qg6+ Kh8
21. Nxf5 Bxf5 22. Qxf5 Bb6+ 23. Nd4 Bxd4+ 24. cxd4 Nh6 25. Qg6 Nf7 26. Rf3 Qd7
27. Qxf6+ Kh7 28. Rh3+ Qxh3 29. gxh3 Nh6 30. Qe5 Rf5 31. Qd6 Raf8 32. Rf1 R8f6
33. Qb8 b5 34. Rf3 Rf8 35. Qb7+ R8f7 36. Qxa6 Rxf4 37. Rxf4 Rxf4 38. Qxb5 Rxd4
39. Qb7+ Kg6 40. Qb6+ 1-0

[Event "I Abierto Int de Ajedrez Hotel CEMAR"]
[Site "Mondariz  Balneario "]
[Date "2014.08.20"]
[Round "5.13"]
[White "Cervigni Sebastian, Alejandro"]
[Black "Represa Garazo, Juan Manuel"]
[Result "1-0"]
[WhiteElo "1454"]
[BlackElo "1555"]
[PlyCount "53"]
[EventDate "2014.08.16"]

1. e4 c5 2. Nc3 e6 3. f4 Nc6 4. Bc4 g6 5. Nf3 Bg7 6. d3 Nd4 7. O-O Ne7 8. Nxd4
Bxd4+ 9. Kh1 d5 10. Bb5+ Bd7 11. Bxd7+ Qxd7 12. Qe1 O-O 13. Qh4 Bxc3 14. bxc3
dxe4 15. dxe4 Qb5 16. Re1 Nc6 17. f5 f6 18. Bh6 g5 19. Qh5 Rfe8 20. Rab1 Qa6
21. Red1 Ne5 22. Bxg5 fxg5 23. Qxg5+ Kf7 24. f6 Ng6 25. Rd7+ Kg8 26. Qh6 Nf8
27. Qg7# 1-0

[Event "I Abierto Int de Ajedrez Hotel CEMAR"]
[Site "Mondariz  Balneario "]
[Date "2014.08.21"]
[Round "6.1"]
[White "Manolache, Marius"]
[Black "De Prado Rodriguez, Oscar Brun"]
[Result "1-0"]
[WhiteElo "2490"]
[BlackElo "2255"]
[PlyCount "61"]
[EventDate "2014.08.16"]

1. d4 f5 2. Nc3 Nf6 3. Bg5 d5 4. e3 e6 5. h4 a6 6. Nge2 c5 7. Nf4 Nc6 8. Nh5
cxd4 9. exd4 Qb6 10. Nxf6+ gxf6 11. Bxf6 Qxb2 12. Rh3 Bb4 13. Kd2 Rf8 14. Rb1
Qa3 15. Rb3 Qa5 16. Qh5+ Rf7 17. Rg3 Bf8 18. Rg8 Qc7 19. Bg7 Qf4+ 20. Ke1 Ke7
21. Ne2 Qe4 22. Bxf8+ Rxf8 23. Qg5+ Ke8 24. Rxf8+ Kxf8 25. Qf6+ Ke8 26. Rg3
Nxd4 27. Rg8+ Kd7 28. Qxd4 Qxc2 29. Qg7+ Kd6 30. Rd8+ Kc6 31. Nd4+ 1-0

[Event "I Abierto Int de Ajedrez Hotel CEMAR"]
[Site "Mondariz  Balneario "]
[Date "2014.08.21"]
[Round "6.2"]
[White "Garcia Bugallo, Jose Luis"]
[Black "Garcia Castro, Pablo"]
[Result "0-1"]
[WhiteElo "1818"]
[BlackElo "2382"]
[PlyCount "54"]
[EventDate "2014.08.16"]

1. e4 g6 2. d4 Bg7 3. f4 c5 4. d5 d6 5. Nc3 Na6 6. Bc4 Nc7 7. Nf3 a6 8. a4 Bd7
9. Qd3 b5 10. axb5 axb5 11. Rxa8 Qxa8 12. Bxb5 Nxb5 13. Nxb5 Qa5+ 14. Nc3 Bxc3+
15. bxc3 Bb5 16. Qe3 Nf6 17. h3 Qa4 18. Nd2 Qxc2 19. Kf2 O-O 20. Kf3 Ra8 21. c4
Bxc4 22. Nxc4 Qxc4 23. Bd2 Ra2 24. Rc1 Qxe4+ 25. Qxe4 Nxe4 26. Kxe4 Rxd2 27. g4
Rd4+ 0-1

[Event "I Abierto Int de Ajedrez  Hotel CEMAR"]
[Site "Mondariz  Balneario "]
[Date "2014.08.21"]
[Round "6.3"]
[White "Ruiz Ledo, Antonio"]
[Black "Sanz Bastos, Fernando"]
[Result "1/2-1/2"]
[WhiteElo "2065"]
[BlackElo "1951"]
[PlyCount "66"]
[EventDate "2014.08.16"]

1. Nf3 c5 2. e4 Nc6 3. d3 d5 4. Nbd2 Nf6 5. g3 Bg4 6. Bg2 Qd7 7. h3 Bxf3 8.
Qxf3 Nd4 9. Qd1 e5 10. O-O dxe4 11. dxe4 Rd8 12. c3 Ne6 13. Qe2 b5 14. Nf3 Bd6
15. a4 a6 16. Rd1 Qb7 17. axb5 axb5 18. Nh4 O-O 19. Nf5 Bb8 20. f3 c4 21. Be3
g6 22. Nh6+ Kg7 23. Qf2 Rd7 24. Kh2 Rfd8 25. Rxd7 Rxd7 26. h4 Qc6 27. Bh3 Rd3
28. Bf1 Rd7 29. g4 Nf4 30. Bxf4 exf4 31. g5 Nh5 32. Qc2 Ng3 33. Be2 Nxe4
1/2-1/2

[Event "I Abierto Int de Ajedrez Hotel CEMAR"]
[Site "Mondariz  Balneario "]
[Date "2014.08.21"]
[Round "6.4"]
[White "Silva, Antonio Araujo Da"]
[Black "Lorenzo Duran, Marcos"]
[Result "0-1"]
[WhiteElo "1965"]
[BlackElo "2167"]
[PlyCount "118"]
[EventDate "2014.08.16"]

1. e4 Nf6 2. e5 Nd5 3. d4 d6 4. Nf3 g6 5. Bc4 Nb6 6. Bb3 Bg7 7. O-O O-O 8. c3
Nc6 9. exd6 cxd6 10. Bg5 h6 11. Bh4 Bf5 12. Re1 g5 13. Bg3 Rc8 14. Nbd2 d5 15.
Nf1 Na5 16. Qe2 e6 17. Ne3 Be4 18. Nd2 Bg6 19. f4 a6 20. Rf1 Re8 21. Qf2 Bd3
22. Rfe1 Nbc4 23. Bxc4 Nxc4 24. Ndxc4 dxc4 25. h4 f5 26. hxg5 hxg5 27. fxg5
Qxg5 28. Bf4 Qg6 29. Qg3 Qxg3 30. Bxg3 Be4 31. Bf4 Kf7 32. Kf2 Rh8 33. Rh1 b5
34. Rxh8 Bxh8 35. Rh1 Bg7 36. Rh5 Rh8 37. Rxh8 Bxh8 38. Be5 Bxe5 39. dxe5 f4
40. Ng4 Kg6 41. g3 Kf5 42. Nh2 Kxe5 43. gxf4+ Kxf4 44. Nf1 e5 45. Ne3 Bf3 46.
Nf1 Bh5 47. Nd2 Bg6 48. Nf1 Ke4 49. Ne3 Bh5 50. a4 Kd3 51. axb5 axb5 52. Nd5
Kd2 53. Nc7 e4 54. Nd5 Bf7 55. Ne3 Kc1 56. Ke2 Bh5+ 57. Ke1 Bf3 58. Nf1 Kxb2
59. Kd2 b4 0-1

[Event "I Abierto Int de Ajedrez Hotel CEMAR"]
[Site "Mondariz  Balneario "]
[Date "2014.08.21"]
[Round "6.5"]
[White "Rodriguez Boado, Martin"]
[Black "Gomez Dieguez, Adrian"]
[Result "1-0"]
[WhiteElo "2163"]
[BlackElo "1970"]
[PlyCount "109"]
[EventDate "2014.08.16"]

1. e4 e5 2. Nf3 Nc6 3. Bc4 Bc5 4. O-O Nf6 5. d3 d6 6. h3 Na5 7. Bb5+ c6 8. d4
exd4 9. Bd3 b5 10. Bg5 h6 11. Bh4 Be6 12. a4 a6 13. axb5 axb5 14. Qe1 Nc4 15.
Rxa8 Qxa8 16. b4 Bb6 17. e5 Nxe5 18. Nxe5 dxe5 19. Qxe5 Qd8 20. Nd2 Bc7 21. Qe2
g5 22. Bg3 Nd5 23. Qe4 Bxg3 24. fxg3 Nxb4 25. Qe5 Rf8 26. Bf5 Qd5 27. Qf6 Qd8
28. Qxh6 Bxf5 29. Rxf5 f6 30. Rf1 Qe7 31. Nf3 Kd7 32. Re1 Qc5 33. Qg7+ Kc8 34.
Re7 Rd8 35. Kh2 Kb8 36. Rb7+ Ka8 37. Qc7 Nd5 38. Qf7 Nb4 39. Ne1 d3 40. Nxd3
Nxd3 41. cxd3 Rxd3 42. Qc7 Rd8 43. Rb6 Qxb6 44. Qxb6 Rc8 45. h4 gxh4 46. gxh4
c5 47. Qa6+ Kb8 48. Qxb5+ Ka7 49. Qd7+ Kb8 50. Qd6+ Kb7 51. Qxf6 c4 52. Qc3 Kb6
53. h5 Rc5 54. g4 Rc6 55. Kg3 1-0

[Event "I Abierto Int de Ajedrez Hotel CEMAR"]
[Site "Mondariz  Balneario "]
[Date "2014.08.21"]
[Round "6.6"]
[White "Garcia Sobrino, David"]
[Black "Silva, Armando Sousa"]
[Result "0-1"]
[WhiteElo "1852"]
[BlackElo "1941"]
[PlyCount "82"]
[EventDate "2014.08.16"]

1. e4 c5 2. c3 Nf6 3. e5 Nd5 4. d4 e6 5. Nf3 cxd4 6. cxd4 d6 7. Bc4 dxe5 8.
dxe5 Be7 9. Bxd5 exd5 10. Nc3 Be6 11. Nd4 O-O 12. O-O Nc6 13. Nxe6 fxe6 14. Qg4
Rf5 15. Bh6 Qf8 16. f4 Nxe5 17. Qxg7+ Qxg7 18. Bxg7 Kxg7 19. fxe5 Bc5+ 20. Kh1
Rxe5 21. Rae1 Rxe1 22. Rxe1 Rf8 23. g3 Rf6 24. Ne2 Be3 25. Nf4 Bxf4 26. gxf4
Kf7 27. Rc1 Rxf4 28. Rc7+ Kg6 29. Rxb7 Rf7 30. Rb8 Kf5 31. Rb4 Ke5 32. Rg4 d4
33. Rg1 Kd5 34. Rc1 e5 35. b4 d3 36. Kg2 e4 37. Rc8 e3 38. Rd8+ Ke4 39. Re8+
Kd4 40. Rd8+ Kc3 41. Rc8+ Kd2 0-1

[Event "I Abierto Int de Ajedrez Hotel CEMAR"]
[Site "Mondariz  Balneario "]
[Date "2014.08.21"]
[Round "6.7"]
[White "Picazo Gonzalez, Ana"]
[Black "Lopez De Turiso, Jose Angel"]
[Result "0-1"]
[WhiteElo "1795"]
[BlackElo "2147"]
[PlyCount "90"]
[EventDate "2014.08.16"]

1. d4 Nf6 2. Nf3 e6 3. e3 c5 4. Bd3 Nc6 5. b3 cxd4 6. exd4 Bb4+ 7. c3 Ba5 8.
Bb2 O-O 9. O-O Bc7 10. c4 d5 11. Nbd2 Bd7 12. Rc1 Nb4 13. Bb1 dxc4 14. bxc4 Re8
15. Qe2 Rc8 16. Rfd1 Bf4 17. a3 Nc6 18. Ne5 Ne7 19. Qf3 Bh6 20. Ne4 Nxe4 21.
Qxf7+ Kh8 22. Bxe4 Rf8 23. Qh5 Be8 24. Qh3 Ba4 25. Re1 Nf5 26. Rb1 Nxd4 27. Qc3
Nf5 28. Qb4 Bc6 29. Rbd1 Qe8 30. Nxc6 bxc6 31. Qc5 Qf7 32. Bxf5 exf5 33. Re7
Qh5 34. Rde1 Rfe8 35. Qe5 Rxe7 36. Qxe7 Qg6 37. Qd7 Rg8 38. Re6 Qh5 39. Re5 Bf4
40. Rxf5 Qxh2+ 41. Kf1 Qh1+ 42. Ke2 Bh6 43. Kf3 Qb1 44. Bc3 Qc2 45. Qd4 Qxf5+
0-1

[Event "I Abierto Int de Ajedrez Hotel CEMAR"]
[Site "Mondariz  Balneario "]
[Date "2014.08.21"]
[Round "6.8"]
[White "Represa Perez, Mireya"]
[Black "Rodriguez Dominguez, Miguel I"]
[Result "0-1"]
[WhiteElo "1771"]
[BlackElo "1951"]
[PlyCount "136"]
[EventDate "2014.08.16"]

1. e4 c5 2. Nf3 e6 3. d4 cxd4 4. Nxd4 Nf6 5. Nc3 Nc6 6. Ndb5 Bb4 7. a3 Bxc3+ 8.
Nxc3 d5 9. exd5 exd5 10. Bd3 O-O 11. O-O d4 12. Ne2 Bg4 13. Bg5 Re8 14. Re1 Qd6
15. Qd2 Bxe2 16. Rxe2 Rxe2 17. Qxe2 Re8 18. Qf3 Nd7 19. Rd1 Nde5 20. Qe4 Qg6
21. Bf4 Re7 22. Qxg6 hxg6 23. Be4 Nc4 24. f3 Nxb2 25. Rb1 Nc4 26. Rb3 N6a5 27.
Rd3 Rd7 28. g4 Nb2 29. Rd2 Nac4 30. Re2 Nxa3 31. Bb8 a5 32. f4 Nac4 33. f5 g5
34. Re1 a4 35. Ra1 Re7 36. Bd3 a3 37. Bg3 b5 38. Bf2 Rd7 39. Be1 Ra7 40. Bb4
Ra4 41. Bc5 Nxd3 42. cxd3 Nb2 43. Rxa3 Rxa3 44. Bxa3 Nxd3 45. Be7 b4 46. Kg2 b3
47. Ba3 b2 48. Bxb2 Nxb2 49. Kf3 f6 50. Ke4 d3 51. Ke3 Kf7 52. Kd2 Ke7 53. h3
Kd6 54. Ke3 Nd1+ 55. Kxd3 Nf2+ 56. Ke3 Nxh3 57. Kf3 Nf4 58. Kg3 Ke5 59. Kf3 Kd4
60. Kf2 Ke4 61. Kg3 Ke3 62. Kh2 Kf3 63. Kh1 Kxg4 64. Kg1 Kf3 65. Kh2 g4 66. Kg1
g3 67. Kh1 g2+ 68. Kg1 Ne2+ 0-1

[Event "I Abierto Int de Ajedrez Hotel CEMAR"]
[Site "Mondariz  Balneario "]
[Date "2014.08.21"]
[Round "6.9"]
[White "Salgado Gonzalez, Julio"]
[Black "Cervigni Sebastian, Alejandro"]
[Result "1-0"]
[WhiteElo "1838"]
[BlackElo "1454"]
[PlyCount "123"]
[EventDate "2014.08.16"]

1. d4 d5 2. Bf4 f5 3. e3 Nf6 4. Nf3 e6 5. Nbd2 Be7 6. Bd3 O-O 7. O-O Ne4 8. a3
Nd7 9. c4 c6 10. Rc1 Ndf6 11. Ne5 Bd7 12. c5 Be8 13. f3 Nxd2 14. Qxd2 Bg6 15.
b4 a6 16. a4 Nd7 17. Ra1 Nxe5 18. Bxe5 Qd7 19. Rfb1 Ra7 20. b5 axb5 21. axb5
Rfa8 22. Rxa7 Rxa7 23. bxc6 bxc6 24. Qb4 Kf7 25. Bb8 Ra8 26. Qb6 Bd8 27. Qb7
Qxb7 28. Rxb7+ Kg8 29. Be5 Bf6 30. Bxf6 gxf6 31. Rb6 Be8 32. Ba6 Rd8 33. Bb7
Rb8 34. Kf2 Kf8 35. Kg3 Kg7 36. Kf4 Kf8 37. g4 fxg4 38. fxg4 Bd7 39. h4 Kg7 40.
g5 Kg6 41. h5+ Kg7 42. gxf6+ Kxf6 43. e4 h6 44. exd5 exd5 45. Ba6 Re8 46. Bd3
Rf8 47. Bg6 Ke6+ 48. Ke3 Ke7 49. Rb7 Ke6 50. Ra7 Ke7 51. Kd2 Rf3 52. Bd3 Ke6
53. Be2 Rf2 54. Ke3 Rg2 55. Bf3 Rg8 56. Kf4 Rf8+ 57. Kg3 Ke7 58. Bg4 Rd8 59.
Kf4 Ke8 60. Rc7 Ke7 61. Bxd7 Rxd7 62. Rxc6 1-0

[Event "I Abierto Int de Ajedrez Hotel CEMAR"]
[Site "Mondariz  Balneario "]
[Date "2014.08.21"]
[Round "6.10"]
[White "Silva, Mariana Sofia T"]
[Black "Ferreiro Diaz, Miguel"]
[Result "0-1"]
[WhiteElo "1639"]
[BlackElo "1723"]
[PlyCount "212"]
[EventDate "2014.08.16"]

1. e4 d5 2. exd5 Nf6 3. d4 Bg4 4. Bb5+ Nbd7 5. f3 Bf5 6. Ne2 Nxd5 7. Ng3 Bg6 8.
c4 N5b6 9. d5 a6 10. Bxd7+ Qxd7 11. Qe2 O-O-O 12. Nc3 Re8 13. Be3 e6 14. d6
Bxd6 15. Nge4 Bxe4 16. fxe4 Qc6 17. b3 Bc5 18. O-O f6 19. Rad1 Rd8 20. Kh1 Bxe3
21. Qxe3 Nd7 22. Ne2 Qc5 23. Qh3 Qe7 24. Nd4 Rde8 25. Rd2 Kb8 26. Rfd1 Ne5 27.
Ne2 h6 28. Nf4 Rhg8 29. Rd4 Rgf8 30. Qg3 Qf7 31. h4 g5 32. Ne2 Qh5 33. R4d2
gxh4 34. Qh3 Rg8 35. Nf4 Qg4 36. Rf1 Qxh3+ 37. Nxh3 Ng4 38. Rd7 Kc8 39. Rh7
Ref8 40. Nf4 Re8 41. Nh5 Rg6 42. Nf4 Rg5 43. Nh3 Re5 44. Rf4 Rg8 45. Nf2 Nxf2+
46. Rxf2 Rxe4 47. Rxh6 f5 48. Rh7 b6 49. Kh2 Kb7 50. Rd2 Reg4 51. Re7 R8g6 52.
Re2 Re4 53. Rd2 e5 54. Rh7 Rd4 55. Rf2 Rf6 56. Rh5 Kc6 57. Rhxf5 Rxf5 58. Rxf5
Re4 59. Rf6+ Kc5 60. Rf2 Kd4 61. Kh3 b5 62. cxb5 axb5 63. Rc2 c5 64. g3 hxg3
65. Kxg3 Re1 66. Rf2 Re3+ 67. Kg2 Kd3 68. Kf1 e4 69. Kg1 Re1+ 70. Kg2 Re2 71.
Rxe2 Kxe2 72. a4 c4 73. bxc4 bxc4 74. a5 c3 75. a6 c2 76. a7 c1=Q 77. a8=Q Qg5+
78. Kh2 Kf3 79. Qa3+ e3 80. Qa8+ Kf2 81. Qf8+ Ke2 82. Qb4 Qh5+ 83. Kg1 Qg6+ 84.
Kh2 Qh7+ 85. Kg1 Qg7+ 86. Kh2 Qe5+ 87. Kg2 Qd5+ 88. Kh2 Qd2 89. Qg4+ Kf1+ 90.
Kh3 Qe2 91. Qf5+ Ke1 92. Qb1+ Qd1 93. Qb4+ Kf2 94. Qh4+ Ke2 95. Qg4+ Ke1 96.
Qg1+ Kd2 97. Qg2+ e2 98. Qg5+ Kc2 99. Qc5+ Kb2 100. Qe5+ Kb1 101. Qe4+ Qc2 102.
Qb4+ Kc1 103. Qf4+ Kb2 104. Qf2 Qd2 105. Qb6+ Kc2 106. Qc5+ Qc3+ 0-1

[Event "I Abierto Int de Ajedrez Hotel CEMAR"]
[Site "Mondariz  Balneario "]
[Date "2014.08.21"]
[Round "6.11"]
[White "Gonzalez Eiris, Daniel"]
[Black "Dominguez Certal, Dario"]
[Result "1-0"]
[WhiteElo "1666"]
[BlackElo "1501"]
[PlyCount "89"]
[EventDate "2014.08.16"]

1. d4 d5 2. Bf4 Nf6 3. Nf3 e6 4. e3 c5 5. c3 cxd4 6. exd4 Nc6 7. Bd3 Bd6 8. Bg3
Bxg3 9. hxg3 Bd7 10. Nbd2 Qc7 11. Qc2 h6 12. Ng5 e5 13. Nh3 e4 14. Be2 Nxd4 15.
Qd1 Nxe2 16. Qxe2 Qb6 17. Nb3 Bxh3 18. gxh3 O-O 19. h4 Rfe8 20. Nd4 Qc7 21.
O-O-O e3 22. f4 h5 23. Nc2 Rad8 24. Kb1 Ng4 25. Rhe1 Qc5 26. Rd3 Kf8 27. Qf3 g6
28. Nxe3 Nxe3 29. Rdxe3 Rxe3 30. Rxe3 Re8 31. Rd3 Qg1+ 32. Kc2 Qa1 33. Qxd5 Re1
34. Qd6+ Kg7 35. Qd4+ Kf8 36. Qh8+ Ke7 37. Qd8+ Ke6 38. Rd6+ Kf5 39. Qg5+ Ke4
40. Rd4+ Kf3 41. Rd3+ Kg2 42. Qd5+ Kh3 43. Qf3 Rb1 44. g4+ Kh2 45. Rd2+ 1-0

[Event "I Abierto Int de Ajedrez Hotel CEMAR"]
[Site "Mondariz  Balneario "]
[Date "2014.08.21"]
[Round "6.12"]
[White "Boo Vallejo, Marcos"]
[Black "Bello Filgueira, Joaquin Anton"]
[Result "0-1"]
[WhiteElo "1611"]
[BlackElo "1776"]
[PlyCount "60"]
[EventDate "2014.08.16"]

1. e4 c5 2. b4 e6 3. bxc5 Bxc5 4. d4 Be7 5. Nf3 a6 6. Bd3 b5 7. O-O Bb7 8. Bf4
Nf6 9. Nbd2 O-O 10. Qe2 d5 11. a4 b4 12. Rfc1 dxe4 13. Nxe4 Nxe4 14. Bxe4 Bxe4
15. Qxe4 Nd7 16. a5 Nf6 17. Qd3 Nd5 18. Bd2 Qd6 19. c4 bxc3 20. Bxc3 Rab8 21.
Rab1 h6 22. Bd2 Rfc8 23. Ne5 Bg5 24. Bxg5 hxg5 25. Rxb8 Qxb8 26. Rb1 Qd6 27.
Qd2 Nf4 28. Kh1 Rd8 29. g3 Qxe5 30. Qxf4 Qd5+ 0-1